|
|
|
|
| LEADER |
00000cam a2200000 7i4500 |
| 001 |
0000007251 |
| 005 |
20220105104030.0 |
| 008 |
070829 |
| 020 |
|
|
|a 9833354815
|
| 020 |
|
|
|a 9833354963(set)
|
| 090 |
0 |
0 |
|a JP
|b EL MAL (8533)
|
| 100 |
0 |
|
|a Noor 'Aina Yusuf
|
| 245 |
1 |
0 |
|a Teknik membaca paling berkesan untuk kanak-kanak prasekolah :
|b 4
|c Noor 'Aina Yusuf
|
| 260 |
|
|
|a Kuala Lumpur :
|b Scholar's Publication Sdn Bhd ,
|c 2005
|
| 440 |
|
|
|a Siri pintar membaca
|
| 500 |
|
|
|a Children age 4-6 years old (yellow)
|
| 650 |
|
0 |
|a Early learning
|x study and teaching
|
| 999 |
|
|
|a 0000989739
|b Book
|c Children Collection
|e Perbadanan Perpustakaan Awam Johor
|
| 999 |
|
|
|a 0000989740
|b Book
|c Children Collection
|e Perbadanan Perpustakaan Awam Johor
|
| 999 |
|
|
|a 0000989741
|b Book
|c Children Collection
|e Perbadanan Perpustakaan Awam Johor
|
| 999 |
|
|
|a 0000989742
|b Book
|c Children Collection
|e Perbadanan Perpustakaan Awam Johor
|